The Spectacular Fall of WeWork (Record no. 121227)

MARC details
000 -LEADER
fixed length control field 00805nas a22001817a 4500
001 - CONTROL NUMBER
control field K121227
007 - PHYSICAL DESCRIPTION FIXED FIELD--GENERAL INFORMATION
fixed length control field ta
008 - FIXED-LENGTH DATA ELEMENTS--GENERAL INFORMATION
fixed length control field 200319b2020 ||||| |||| 00| 0 eng d
041 ## - LANGUAGE CODE
Language code of text/sound track or separate title eng
245 ## - TITLE STATEMENT
Title The Spectacular Fall of WeWork
260 ## - PUBLICATION INFORMATION
Date 2020
490 ## - SERIES TITLE
Series statement RICS Modus
Volume March 2020, 5(1)
520 ## - ABSTRACT
Abstract Review of the flexible workspace market following the disastrous initial public offering of WeWork which has left people questioning whether the model is flawed. References the RICS Valuation of Flexible Workspace insight paper.
650 ## - KEYWORDS
Keywords FLEXIBLE WORKSPACE
651 ## - SUBJECT ADDED ENTRY--GEOGRAPHIC NAME
Geographic name United Kingdom
690 ## - LOCAL SUBJECT ADDED ENTRY--TOPICAL TERM (OCLC, RLIN)
9 (RLIN) 6227
Topical term or geographic name as entry element Commercial property
856 ## - ONLINE RESOURCE
Uniform Resource Identifier https://ww3.rics.org/uk/en/modus/built-environment/commercial-real-estate/the-fall-of-a-flexible-workspace-giant.html
Link text Available free online on RICS Journals
Holdings
Withdrawn status Lost status Damaged status Koha normalized classification for sorting Not for loan Home library Current library Shelving location Date acquired Total Checkouts Full call number Date last seen Koha item type
      ONLINE   Virtual Virtual Online 19/03/2020   ONLINE 19/03/2020 Journal article